Impact of New European Tax on Slovak Economy

Literatúra o fiškálnej integrácii a vplyv tejto novej európskej dane na slovenskú ekonomiku pomocou modelu CGE. Skúmanie vplyvu zvýšených platieb z členských štátov do centrálneho rozpočtu, ako aj vytváranie nových európskych daní. Negatívny vplyv vyšších transferových platieb alebo vyšších daní je...

Full description

Saved in:
Bibliographic Details
Main Author: Burian, Lukáš
Format: Book Chapter
Language:English
Subjects:
Tags: Add Tag
No Tags, Be the first to tag this record!

MARC

LEADER 00000naa$a2200000$$$4500
001 0272519
005 20240502074308.6
041 0 |a eng 
044 |a SK 
245 1 0 |a Impact of New European Tax on Slovak Economy  |c Lukáš Burian 
520 |a Literatúra o fiškálnej integrácii a vplyv tejto novej európskej dane na slovenskú ekonomiku pomocou modelu CGE. Skúmanie vplyvu zvýšených platieb z členských štátov do centrálneho rozpočtu, ako aj vytváranie nových európskych daní. Negatívny vplyv vyšších transferových platieb alebo vyšších daní je zanedbateľný, ale tento väčší centrálny rozpočet by poskytol nástroj na pomoc členským štátom, ktoré budú v budúcnosti vystavené asymetrickým šokom. 
610 2 0 |a dane 
610 2 0 |a Európska únia 
610 2 0 |a eurozóna 
610 2 0 |a oblasti menové 
100 1 |a Burian, Lukáš